SCHOOL MANAGEMENT EMERGING CHALLENGES (Record no. 7688)
[ view plain ]
| 000 -LEADER | |
|---|---|
| fixed length control field | 00211nam a22000977a 4500 |
| 082 ## - DEWEY DECIMAL CLASSIFICATION NUMBER | |
| Classification number | 823 |
| Item number | UNK/S |
| 100 ## - MAIN ENTRY--AUTHOR NAME | |
| Personal name | UNKNOWN |
| 245 ## - TITLE STATEMENT | |
| Title | SCHOOL MANAGEMENT EMERGING CHALLENGES |
| 650 ## - SUBJECT ADDED ENTRY--TOPICAL TERM | |
| Topical Term | GENERAL KNOWLEDGE |
| 942 ## - ADDED ENTRY ELEMENTS (KOHA) | |
| Koha item type | Books |
| Withdrawn status | Lost status | Collection code | Home library | Current library | Date acquired | Full call number | Accession Number | Koha item type |
|---|---|---|---|---|---|---|---|---|
| Withdrawn | Damaged Item | Fiction | Main Library | Main Library | 12/03/2004 | 823 UNK/S | 01707 | Books |